000 00738nam a2200217 i 4500
001 178543
003 ES-MaACL
005 20230906220543.0
007 t|
008 110607s1965 sp abo r ||||1| spa d
080 _a908(460.35)
100 1 _aBonet, Juan (
_d1918-1991)
_9147348
245 1 0 _aIslas Baleares /
_cescrita por Juan Bonet.
260 _aMadrid :
_bPublicaciones Españolas,
_c1965.
300 _a140 p. , [23] h. de lám. bl. y n. , [1] h. pleg. con mapa :
_bil. bl. y n. ;
_c21 cm.
490 1 _aRutas de España ;
_v13
651 4 _aBaleares (Comunidad autónoma)-
_vGuías turísticas.
_9146963
830 0 _aRutas de España ;
_v13
_9184844
852 _aES-MaACL
_jE-15318
_xOlim P-326
999 _c178543
_d178543